[Event "Vahiné vs Troll"]
[Site "http://www.queenalice.com/game.php?id=218148"]
[Date "2007.5.30"]
[Round "-"]
[White "valerie973"]
[Black "GribicheLeTroll"]
[Result "0-1"]
[WhiteElo "1555"]
[BlackElo "2157"]

1. e3 Nc6 2. d4 e5 3. d5 Nce7 4. Nc3 Ng6 5. Nf3 Bb4 6. Qd3 Nf6 7. Bd2 O-O 8. Ne4
Bxd2+ 9. Nfxd2 Nxe4 10. Qxe4 f5 11. Qc4 d6 12. Be2 Kh8 13. g3 c6 14. f4 Qb6 15.
O-O-O Bd7 16. e4 fxe4 17. Nxe4 Qe3+ 18. Rd2 cxd5 19. Qc7 Qxe4 20. Qxd7 Qxh1+ 21.
Bd1 exf4 22. Rxd5 Qxd5 0-1

[Event "Condrusien vs Arverne "]
[Site "http://www.queenalice.com/game.php?id=218150"]
[Date "2007.5.30"]
[Round "-"]
[White "Alain91"]
[Black "GribicheLeTroll"]
[Result "0-1"]
[WhiteElo "1983"]
[BlackElo "2161"]

1. e4 d5 2. exd5 Nf6 3. c4 e6 4. dxe6 Bxe6 5. Nf3 Qe7 6. Be2 Bxc4 7. d3 Be6 8.
Ng5 Nc6 9. O-O O-O-O 10. Re1 Bf5 11. Bf1 Qd7 12. Nd2 Ng4 13. Nde4 h6 14. Nf3
Bxe4 15. Rxe4 Bc5 16. d4 f5 17. Re1 Nxd4 18. Nxd4 Nxf2 19. Qf3 Ng4 20. Kh1 Qxd4
21. Ba6 bxa6 22. h3 h5 23. Bg5 Nf2+ 24. Kh2 Bd6+ 25. g3 h4 26. Bxd8 hxg3+ 27.
Kg2 Nxh3 28. Red1 Nf4+ 29. Kf1 Rh1+ 30. Qxh1 Qf2# 0-1

[Event "Challenge"]
[Site "http://www.queenalice.com/game.php?id=228564"]
[Date "2007.6.21"]
[Round "-"]
[White "stephanie"]
[Black "GribicheLeTroll"]
[Result "0-1"]
[WhiteElo "1079"]
[BlackElo "2177"]

1. d4 Nc6 2. e4 e5 3. Nf3 exd4 4. Nxd4 Bc5 5. c3 Qh4 6. Qd3 Nf6 7. Nd2 Ng4 8. g3
Qf6 9. f4 Nxd4 10. cxd4 Bxd4 11. Qxd4 Qxd4 0-1

[Event "Challenge"]
[Site "http://www.queenalice.com/game.php?id=233090"]
[Date "2007.6.30"]
[Round "-"]
[White "GribicheLeTroll"]
[Black "charles31"]
[Result "1-0"]
[WhiteElo "2159"]
[BlackElo "1747"]

1. e4 e5 2. f4 exf4 3. Bc4 g6 4. Nf3 Qe7 5. d3 f5 6. Nc3 Bh6 7. Nd5 Qd6 8. e5
Qc5 9. b4 Qc6 10. Nd4 Qa4 11. Bb3 Qa6 12. Nxc7+ Kd8 13. Nxa6 Nxa6 14. Qf3 Ne7
15. Bxf4 Bxf4 16. Qxf4 Nxb4 17. e6 dxe6 18. Qd6+ Bd7 19. Nxe6+ Ke8 20. Ng7+ Kf8
21. Qf6# 1-0

[Event "Challenge"]
[Site "http://www.queenalice.com/game.php?id=233091"]
[Date "2007.6.30"]
[Round "-"]
[White "charles31"]
[Black "GribicheLeTroll"]
[Result "0-1"]
[WhiteElo "1744"]
[BlackElo "2160"]

1. e4 d5 2. e5 c5 3. d4 Nc6 4. c3 Bf5 5. Nf3 e6 6. Be3 cxd4 7. Bxd4 Nh6 8. Bb5
Be7 9. Qd2 O-O 10. h3 Be4 11. Bd3 Qc7 12. Bxe4 dxe4 13. Ng5 Nf5 14. Nxe4 Rfd8
15. O-O Nfxd4 16. cxd4 Nxd4 17. f4 Nc2 18. Qe2 Nxa1 19. Nbc3 Nb3 20. axb3 Rd4
21. Qh5 Rad8 22. Nb5 Qb6 23. Nxd4 Rxd4 24. Nf2 Rxf4 25. Qd1 Bh4 26. Qc2 h5 27.
Qd2 Bg3 28. Qe2 h4 29. Qc2 Qe3 30. Qc8+ Kh7 31. Qc2+ g6 32. Qd2 Qxd2 0-1

[Event "charles31"]
[Site "http://www.queenalice.com/game.php?id=238792"]
[Date "2007.7.12"]
[Round "3"]
[White "Cat"]
[Black "GribicheLeTroll"]
[Result "1/2-1/2"]
[WhiteElo "2046"]
[BlackElo "2209"]

1. d4 Nc6 2. Bg5 d5 3. e3 f6 4. Bh4 Nh6 5. Nf3 Bg4 6. h3 Bh5 7. g4 Bg6 8. Bd3
Nf7 9. Nc3 e5 10. Bb5 e4 11. Ne5 Qd6 12. Nxf7 Bxf7 13. Bg3 Qd7 14. Qd2 Bb4 15.
a3 Be7 16. O-O-O a6 17. Be2 b5 18. f3 b4 19. axb4 Nxb4 20. fxe4 dxe4 21. g5 f5
22. h4 Rb8 23. d5 O-O 24. Bf4 Bd6 25. h5 Bxf4 26. exf4 Rfd8 27. h6 Bxd5 28. hxg7
Qxg7 29. Rh3 Rd6 30. Qe3 Na2+ 31. Kb1 Rc6 32. Na4 Nb4 33. Qa7 Ba2+ 34. Ka1 Re8
35. Qb7 Qf8 36. c3 Rb8 37. Qa7 Bf7 38. Rdh1 Nc2+ 39. Kb1 Na3+ 40. Kc1 Bg6 41.
Bd1 Nb5 42. Qf2 Qd6 43. Bb3+ Kf8 44. Rd1 Qb4 45. Bc2 Qe7 46. Rd5 Qe6 47. Rc5 Rd6
1/2-1/2

[Event "Challenge à barbe"]
[Site "http://www.queenalice.com/game.php?id=241412"]
[Date "2007.7.17"]
[Round "-"]
[White "Menalque"]
[Black "GribicheLeTroll"]
[Result "0-1"]
[WhiteElo "1658"]
[BlackElo "2179"]

1. c4 Nc6 2. g3 e5 3. Bg2 f5 4. d3 Bc5 5. Nd2 d6 6. Nb3 Bb6 7. Nf3 a5 8. d4 e4
9. d5 exf3 10. Bxf3 Ne5 11. Bg2 a4 12. Nd4 Qe7 13. O-O Nf6 14. Bg5 O-O 15. e3 h6
16. Bxf6 Qxf6 17. Rc1 g5 18. b3 axb3 19. axb3 f4 20. exf4 gxf4 21. Kh1 Bxd4 22.
Qxd4 f3 23. Rce1 fxg2+ 24. Kxg2 Qf3+ 25. Kg1 Bh3 0-1

[Event "Challenge"]
[Site "http://www.queenalice.com/game.php?id=259393"]
[Date "2007.8.22"]
[Round "-"]
[White "GribicheLeTroll"]
[Black "valerie973"]
[Result "1-0"]
[WhiteElo "2178"]
[BlackElo "1528"]

1. e4 d5 2. exd5 Qxd5 3. Nc3 Qa5 4. Bc4 Qe5+ 5. Nge2 Qa5 6. Ng1 c6 7. Qe2 Nf6 8.
Nf3 Bg4 9. Bxf7+ Kxf7 10. Ne5+ Ke8 11. Nxg4 Nbd7 12. O-O Qh5 13. Nxf6+ Nxf6 14.
Re1 Qxe2 15. Rxe2 Kd7 16. d3 Re8 17. Bf4 e6 18. Rae1 Bb4 19. Be5 Re7 20. a3 Bxc3
21. Bxc3 Nd5 22. Be5 Rf8 23. c4 Nb6 24. b3 Rff7 25. a4 a5 26. Bc3 Nc8 27. Bxa5
b6 28. Bb4 c5 29. Bc3 Kd8 30. Rxe6 Rxe6 31. Rxe6 Kd7 32. Re5 Ne7 33. d4 cxd4 34.
Bxd4 Kc7 35. a5 Nc8 36. axb6+ Nxb6 37. Bxb6+ Kxb6 38. Kf1 Kc6 39. Ke2 Kd6 40.
Rd5+ Ke6 41. b4 Re7 42. b5 1-0

[Event "Challenge"]
[Site "http://www.queenalice.com/game.php?id=267581"]
[Date "2007.9.6"]
[Round "-"]
[White "GribicheLeTroll"]
[Black "gillou91"]
[Result "1-0"]
[WhiteElo "2180"]
[BlackElo "2078"]

1. e4 c5 2. Nc3 Nc6 3. f4 g6 4. Nf3 d6 5. Bc4 Bg7 6. a3 e6 7. O-O Nge7 8. Qe1
O-O 9. d3 a6 10. f5 exf5 11. Qh4 Ne5 12. Bg5 Nxf3+ 13. Rxf3 Bxc3 14. bxc3 Re8
15. Qh6 1-0

[Event "Challenge"]
[Site "http://www.queenalice.com/game.php?id=267582"]
[Date "2007.9.6"]
[Round "-"]
[White "gillou91"]
[Black "GribicheLeTroll"]
[Result "0-1"]
[WhiteElo "2046"]
[BlackElo "2213"]

1. d4 Nc6 2. d5 Ne5 3. f4 Ng6 4. e4 e5 5. dxe6 fxe6 6. Nf3 Bb4+ 7. c3 Bc5 8. h4
Nh6 9. h5 Ne7 10. b4 Bb6 11. c4 d6 12. a4 a6 13. a5 Ba7 14. Qc2 O-O 15. c5 Nc6
16. Ra4 Qe7 17. Rh4 Nd4 18. Rh1 Nc6 19. Nc3 dxc5 20. b5 Nb4 21. Qb3 Bd7 22. Rh3
Qe8 23. bxa6 bxa6 24. Ra3 Rb8 25. Qd1 Bb5 26. Nxb5 axb5 27. Rb3 Rd8 28. Qe2 c6
29. Qb2 Bb8 30. Rg3 Qd7 0-1

[Event "Challenge"]
[Site "http://www.queenalice.com/game.php?id=295753"]
[Date "2007.10.31"]
[Round "-"]
[White "GribicheLeTroll"]
[Black "valerie973"]
[Result "1-0"]
[WhiteElo "2189"]
[BlackElo "1600"]

1. d4 Nf6 2. Bg5 d5 3. Bxf6 exf6 4. e3 c5 5. Nc3 c4 6. Nge2 Nc6 7. a3 Bg4 8. h3
Bf5 9. Nf4 a6 10. Ncxd5 b5 11. b3 Be4 12. bxc4 bxc4 13. Bxc4 Qa5+ 14. c3 Bxa3
15. O-O Bxd5 16. Bxd5 Rc8 17. Qb3 O-O 18. Rxa3 Qb5 19. Qxb5 axb5 20. Rb1 g5 21.
Bxc6 gxf4 22. Bxb5 fxe3 23. fxe3 f5 24. c4 Kh8 25. c5 Rc7 26. Rba1 Kg7 27. Ra7
Rcc8 28. Rb7 Kh6 29. Ra6+ Kg5 30. g3 f6 31. Rxh7 Rh8 32. Rg7+ Kh6 33. Rf7 1-0

[Event "Allez l' OM"]
[Site "http://www.queenalice.com/game.php?id=309473"]
[Date "2007.11.24"]
[Round "-"]
[White "davidlemarseillais91"]
[Black "GribicheLeTroll"]
[Result "0-1"]
[WhiteElo "1002"]
[BlackElo "2205"]

1. d4 Nc6 2. e3 d5 3. Bb5 Qd6 4. Nf3 a6 5. Bxc6+ Qxc6 6. Qd3 Qg6 7. Qxg6 hxg6 8.
h3 Bf5 9. c3 e6 10. O-O Bd6 11. Nbd2 Nf6 12. Re1 Ke7 13. Ne5 Bxe5 14. dxe5 Nd7
15. f4 Nc5 16. Nf3 Be4 17. Rf1 Bxf3 18. Rxf3 Ne4 19. Kf1 g5 20. Ke2 g4 21. hxg4
Rh2 22. Kf1 Rh1+ 23. Ke2 Rah8 24. Kd3 R8h2 25. f5 Rxg2 26. f6+ gxf6 27. exf6+
Kd6 0-1

[Event "Challenge"]
[Site "http://www.queenalice.com/game.php?id=372349"]
[Date "2008.3.17"]
[Round "-"]
[White "master_minoru"]
[Black "GribicheLeTroll"]
[Result "0-1"]
[WhiteElo "1802"]
[BlackElo "2221"]

1. d4 Nc6 2. c4 e5 3. d5 Nce7 4. Nc3 Ng6 5. a3 Nf6 6. g3 Bc5 7. Bg2 a6 8. Nf3 d6
9. O-O O-O 10. Bg5 h6 11. Bxf6 gxf6 12. b4 Ba7 13. Qc2 f5 14. Rad1 f4 15. Kh1 f5
16. Bh3 Kg7 17. a4 fxg3 18. fxg3 f4 19. Bxc8 Qxc8 20. Ne4 fxg3 21. Nxg3 Qg4 22.
c5 Kh8 23. Ne4 Nf4 24. Rg1 Qf5 25. Rg3 Nh5 26. Rg2 Nf6 27. Nh4 Qxe4 28. Ng6+ Kh7
29. Nxf8+ Rxf8 0-1

[Event "Echecs.m@t Part2"]
[Site "http://www.queenalice.com/game.php?id=381091"]
[Date "2008.4.2"]
[Round "1"]
[White "charles31"]
[Black "GribicheLeTroll"]
[Result "0-1"]
[WhiteElo "1671"]
[BlackElo "2207"]

1. e4 d5 2. exd5 Nf6 3. Bc4 Nxd5 4. d3 Nc6 5. Be3 e5 6. Bxd5 Qxd5 7. a3 Qxg2 8.
Qf3 Qxf3 9. Nxf3 Bg4 10. Nbd2 O-O-O 11. O-O-O f5 12. h3 Bh5 13. Bg5 Re8 14. Rde1
h6 15. Bh4 e4 16. dxe4 f4 17. e5 g5 18. Bxg5 hxg5 19. e6 Be7 20. Ng1 Bg4 21. f3
Bf5 22. Ne4 Nd4 23. c3 Nb3+ 24. Kc2 Nc5 25. b4 Nxe4 26. fxe4 Bxe6 27. Nf3 Rxh3
0-1

[Event "Challenge"]
[Site "http://www.queenalice.com/game.php?id=383260"]
[Date "2008.4.6"]
[Round "-"]
[White "chesspeare"]
[Black "GribicheLeTroll"]
[Result "0-1"]
[WhiteElo "1344"]
[BlackElo "2208"]

1. e4 d5 2. exd5 Nf6 3. c4 e6 4. d4 Bb4+ 5. Nc3 exd5 6. c5 Ne4 7. Bd2 Bxc3 8.
Bxc3 Qe7 9. Qe2 O-O 10. f3 Qh4+ 11. Kd1 Nf2+ 0-1

[Event "What did you say?"]
[Site "http://www.queenalice.com/game.php?id=410774"]
[Date "2008.5.31"]
[Round "-"]
[White "clovis"]
[Black "GribicheLeTroll"]
[Result "0-1"]
[WhiteElo "1718"]
[BlackElo "2204"]

1. e4 d5 2. exd5 Nf6 3. Nc3 Nxd5 4. Bc4 Nb6 5. Bb3 Nc6 6. Nf3 Bf5 7. d4 e6 8. d5
Nxd5 9. Nxd5 exd5 10. Bxd5 Nb4 11. Qe2+ Qe7 12. Qxe7+ Bxe7 13. Nd4 Rd8 14. Nxf5
Nxc2+ 15. Ke2 Rxd5 16. Nxe7 Re5+ 17. Be3 Nxa1 18. Nc8 Nc2 19. Nxa7 Nxe3 0-1

[Event "charles31"]
[Site "http://www.queenalice.com/game.php?id=414184"]
[Date "2008.6.6"]
[Round "4"]
[White "GribicheLeTroll"]
[Black "gillou91"]
[Result "1-0"]
[WhiteElo "2205"]
[BlackElo "2056"]

1. Nc3 d5 2. e4 dxe4 3. Nxe4 Qd5 4. Nc3 Qa5 5. Bc4 c6 6. Qe2 Nf6 7. Nf3 Bf5 8.
b4 Qc7 9. O-O e6 10. Nd4 Bg4 11. f3 1-0